000 00544nam a2200181Ia 4500
003 GCL
008 140319s9999 xx 000 0 ara d
040 _aGCL /
_cGCL
082 0 4 _a891.82
_bل ع
100 1 _aلوفراك، ماتو
245 1 0 _aالعدو الاول /
_cلوفراك، ماتو
700 1 _aجمال الدين سيد
300 _a195 ص
490 _aالرواية العالمية
_v0
650 0 4 _aالقصص اليوغوسلافية
650 0 4 _aالادب اليوغسلافى المترجم
942 _2ddc
_cBK
999 _c40107
_d40107